|
|
|
|
| LEADER |
01051nam a2200337 4500 |
| 001 |
DLU080062050 |
| 005 |
##20080121 |
| 040 |
# |
# |
|a DLU
|b vie
|
| 041 |
# |
# |
|a vie
|
| 044 |
# |
# |
|a vn
|
| 082 |
# |
# |
|a 372.7
|b Ung
|
| 245 |
# |
# |
|a Ứng dụng công nghệ thông tin trong dạy học toán ở tiểu học :
|b Tài liệu đào tạo giáo viên tiểu học trình độ đại học /
|c Vũ Thị Thái, Vũ Mạnh Xuân, Trịnh Thanh Hải chủ biên.
|
| 260 |
# |
# |
|a H. :
|b Giáo dục,
|c 2007.
|
| 300 |
# |
# |
|a 80 tr. ;
|c 30 cm.
|
| 653 |
# |
# |
|a Giáo cụ trực quan
|
| 653 |
# |
# |
|a Giáo dục tiểu học
|
| 653 |
# |
# |
|a Phương pháp sư phạm
|
| 653 |
# |
# |
|a Tài liệu nghiệp vụ
|
| 700 |
# |
# |
|a Trịnh Thanh Hải,
|e chủ biên.
|
| 700 |
# |
# |
|a Vũ Mạnh Xuân,
|e chủ biên.
|
| 700 |
# |
# |
|a Vũ Thị Thái,
|e chủ biên.
|
| 923 |
# |
# |
|a 29/2007
|
| 992 |
# |
# |
|a 4000
|
| 994 |
# |
# |
|a DLU
|
| 900 |
# |
# |
|a True
|
| 911 |
# |
# |
|a Đào Thị Thu Huyền
|
| 925 |
# |
# |
|a G
|
| 926 |
# |
# |
|a A
|
| 927 |
# |
# |
|a SH
|
| 980 |
# |
# |
|a Thư viện Trường Đại học Đà Lạt
|